Sanat -"Vanha holvikirkko" - Statistics

Yleistilastot
  • Tätä visaa on pelattu 188 kertaa
  • Keskiarvotulos 91 / 133
Vastaustilastot
Vastaus % Oikein
soi
100%
on
98%
urut
95%
Jo
94%
jo
94%
kylä
94%
nukkuu
94%
nyt
92%
kanttori
91%
tullut
91%
holvikirkon
90%
ilta
90%
kuulee
89%
musiikin
89%
soittaa
89%
vain
89%
Ja
88%
ja
88%
vanhan
88%
Kun
87%
kun
87%
saa
87%
hän
85%
Hän
85%
se
85%
mutta
84%
kerran
83%
poika
81%
Bach
80%
vielä
77%
isä
76%
kaikki
76%
kanttorin
76%
soivat
76%
voi
75%
vuoron
75%
unta
74%
Jos
73%
näin
71%
parvelta
70%
sen
70%
toivo
70%
mitä
69%
sunnuntaina
69%
kertoa
68%
voivat
68%
nuo
67%
kansa
66%
mahtava
66%
häät
65%
holvikirkon
65%
huminoivat
65%
innostavaa
65%
nuori
65%
Taas
65%
pauhu
63%
muurit
62%
hukkuu
61%
ne
61%
aikaa
60%
itselleen
59%
kaikkialle
59%
oottaa
59%
toisillekin
59%
häntä
58%
kuoron
58%
kuulemaan
58%
urkurina
57%
saapuu
56%
fuuga
55%
laulavan
55%
varjoihin
55%
vaikka
53%
kauniina
52%
kaikkialta
51%
kanttoriksi
51%
kellot
51%
kirkkoon
51%
soinnut
51%
aikoo
48%
taivaan
48%
asti
47%
hiljaiseen
47%
ainiaan
46%
nousta
46%
hiipii
45%
jotka
45%
silmänsä
45%
sulkee
45%
kulkee
44%
valot
44%
kaaret
40%
yöhön
40%
pyhäpuvussansa
39%
tienoon
38%
toiveissaan
38%
kaareen
37%
kesäiseen
35%
tuo
34%
että
31%
toivoo
31%
holvit
29%
kuinka
26%
kaikaa
25%
vanhat
25%
kunnia
24%
Oi
18%
Ehtoja vastaavia visoja ei löytynyt
Tulosjakauma
Jokaisen tuloksen saaneiden osuus
Persentiili vastausten määrän mukaan
Tuloshistoriasi
Et ole pelannut tätä visaa